000 02227nam a2200349 a 4500
001 ebr10667420
003 CaPaEBR
006 m u
007 cr cn|||||||||
008 121126s2013 enka sb 001 0 eng d
010 _z 2012037888
020 _z9780470745915 (cloth)
020 _z9781118517017 (e-book)
040 _aCaPaEBR
_cCaPaEBR
035 _a(OCoLC)819531736
050 1 4 _aRM301.25
_b.N66 2013eb
082 0 4 _a615.1/901
_223
245 0 0 _aNonclinical safety assessment
_h[electronic resource] :
_ba guide to international pharmaceutical regulations /
_cedited by William J. Brock, Kenneth L. Hastings, Kathy M. McGown.
260 _aChichester, West Sussex :
_bJohn Wiley & Sons,
_c2013.
300 _axviii, 465 p. :
_bill.
504 _aIncludes bibliographical references and index.
505 0 _aIntroduction to the development of drugs / Kathy McGown -- ICH / Ken Hastings -- USFDA / Bill Brock -- Latin America : MERCOSUR countries / Cristiana Leslie Corra -- Canada / Mark T. Goldberg -- EMEA / Adam Woolley -- Africa / Fariza Feraoun -- China / Lijie Fu -- Japan / Kazuichi Nakamura -- India / K.S. Rao -- Australia / Doug Francis -- Chronic repeat dose testing / Shana Azri-Meehan -- Carcinogenicity / James Popp -- Genotoxicity / Mark Powley -- Developmental and reproductive toxicology / Robert Parker -- Juvenile testing and pediatric claim / Melissa Tassinari -- Immunotoxicology / Leigh Ann Burns Naas -- Biologics / Chris Ellis -- Vaccines / Robert House -- Phototoxicity and photocarcinogenicity / Chris Sambuco -- Degradants, impurities excipients, and metabolites / Bob Osterberg.
533 _aElectronic reproduction.
_bPalo Alto, Calif. :
_cebrary,
_d2013.
_nAvailable via World Wide Web.
_nAccess may be limited to ebrary affiliated libraries.
650 0 _aDrug development
_xInternational cooperation.
650 0 _aDrugs
_xToxicology
_xInternational cooperation.
655 7 _aElectronic books.
_2local
700 1 _aBrock, William J.
700 1 _aHastings, Kenneth L.
700 1 _aMcGown, Kathy M.
710 2 _aebrary, Inc.
856 4 0 _uhttp://site.ebrary.com/lib/rucke/Doc?id=10667420
_zAn electronic book accessible through the World Wide Web; click to view
999 _c61358
_d61358